000 00287nam a2200109Ia 4500
008 220616s9999||||xx |||||||||||||| ||und||
245 0 _aHandbook of Applied System Science
546 _aEnglish[eng]
650 _aapplied system science||sociology
700 _aNeal, Zachary
942 _cEB
999 _c19942
_d19942